বঙ্গবন্ধু : নেতা ও শাসক / (Record no. 6540)
[ view plain ]
| 000 -LEADER | |
|---|---|
| fixed length control field | 00741nam a22002057a 4500 |
| 003 - CONTROL NUMBER IDENTIFIER | |
| control field | BUBTL |
| 008 - FIXED-LENGTH DATA ELEMENTS--GENERAL INFORMATION | |
| fixed length control field | 210927b ||||| |||| 00| 0 eng d |
| 020 ## - INTERNATIONAL STANDARD BOOK NUMBER | |
| International Standard Book Number | 9789848143421 |
| 082 ## - DEWEY DECIMAL CLASSIFICATION NUMBER | |
| Classification number | 954.925 / Ab33b /2021 |
| Edition number | 2021 |
| 100 ## - MAIN ENTRY--PERSONAL NAME | |
| 9 (RLIN) | 4225 |
| Personal name | আবেদীন, মো: জয়নাল |
| 245 ## - TITLE STATEMENT | |
| Title | বঙ্গবন্ধু : নেতা ও শাসক / |
| Statement of responsibility, etc. | মো :জয়নাল আবেদীন |
| 250 ## - EDITION STATEMENT | |
| Edition statement | 1st edn. |
| 260 ## - PUBLICATION, DISTRIBUTION, ETC. (IMPRINT) | |
| Place of publication, distribution, etc. | ঢাকা : |
| Name of publisher, distributor, etc. | পালক পাবলিশার্স, |
| Date of publication, distribution, etc. | c2021. |
| 300 ## - PHYSICAL DESCRIPTION | |
| Extent | 224 p. : |
| Dimensions | 24 cm. |
| 505 ## - FORMATTED CONTENTS NOTE | |
| Formatted contents note | Neta, Neta Amar, Shasok, Bangobandhu |
| 650 #0 - SUBJECT ADDED ENTRY--TOPICAL TERM | |
| 9 (RLIN) | 3574 |
| Topical term or geographic name as entry element | বঙ্গবন্ধু |
| 856 ## - ELECTRONIC LOCATION AND ACCESS | |
| Password | 0 |
| Logon | 0 |
| Link text | Download |
| 942 ## - ADDED ENTRY ELEMENTS (KOHA) | |
| Source of classification or shelving scheme | |
| Koha item type | Books |
| Withdrawn status | Lost status | Source of classification or shelving scheme | Damaged status | Not for loan | Collection code | Permanent location | Current location | Shelving location | Date acquired | Source of acquisition | Inventory number | Total Checkouts | Full call number | Barcode | Date last seen | Copy number | Price effective from | Koha item type |
|---|---|---|---|---|---|---|---|---|---|---|---|---|---|---|---|---|---|---|
| Non-fiction | Bangladesh University of Business and Technology Library | Bangladesh University of Business and Technology Library | Historical Books | 09/22/2021 | Purchase | 28024 | 954.925 Ab33b 2021 | BUBTL-200328024 | 09/28/2021 | C-1 | 09/28/2021 | Books |
